| 000 | 00987nam a2200301Ia 4500 | ||
|---|---|---|---|
| 001 | Z_491 | ||
| 003 | CHAP | ||
| 008 | 220113s1988 xx 000 0 und d | ||
| 010 | _a163468 | ||
| 040 | _cCHAP | ||
| 090 | _aTesis L 514 | ||
| 100 | 1 |
_aLópez Escobedo, Antonio _967851 |
|
| 245 |
_aEstudio de un sistema de producción de bovinos para carne en el Valle de Mexicali, B. C. / _cpor Antonio López Escobedo y Marcelino Méndez Rivera |
||
| 260 |
_aChapingo, Méx. : _bEl autor, _c1988 |
||
| 300 | _a123 h. | ||
| 502 | _aTesis (Ing. Agrónomo Esp. en Zootecnia) -- UACH. Departamento de Zootecnia | ||
| 650 |
_aBaja California _xGanado vacuno _9137653 |
||
| 650 |
_aGanado de carne _xProducción _945104 |
||
| 650 |
_aGanado vacuno _xBaja California Norte _9137654 |
||
| 650 |
_aGanado vacuno _xProducción _945506 |
||
| 700 |
_aMéndez Rivera, Marcelino _976574 |
||
| 901 | _aTESIS L 514 | ||
| 902 | _aM | ||
| 910 | _a1988 | ||
| 942 | _c2 | ||
| 942 | _c2 | ||
| 999 |
_c163468 _d163468 |
||